Statistics for Muse Charting Songs (Billboard Hot Rock)

Click here to take the quiz!

General Stats

  • This quiz has been taken 11 times
  • The average score is 9 of 18

Answer Stats

AlbumWeeks OnPeakArtist(s)Song% Correct
The Resistance52 Weeks#2MuseUprising
83%
The 2nd Law37 Weeks#3MuseMadness
67%
Drones4 Weeks#18MusePsycho
67%
Drones6 Weeks#37MuseReapers
67%
Drones20 Weeks#10MuseDead Inside
50%
Simulation Theory16 Weeks#21MuseDig Down
50%
The 2nd Law19 Weeks#27MusePanic Station
50%
Simulation Theory20 Weeks#14MusePressure
50%
The Resistance31 Weeks#7MuseResistance
50%
The 2nd Law1 Week#39MuseSurvival
50%
Simulation Theory20 Weeks#10MuseThought Contagion
50%
The Resistance29 Weeks#7MuseUndisclosed Desires
50%
Drones20 Weeks#29MuseMercy
33%
Simulation Theory10 Weeks#19MuseSomething Human
33%
The 2nd Law3 Weeks#39MuseSupremacy
33%
Simulation Theory1 Week#32MuseThe Dark Side
33%
Non-Album Single15 Weeks#27MuseWon't Stand Down
33%
The Twilight Saga: Eclipse9 Weeks#24MuseNeutron Star Collision (Love is Forever)
17%

Score Distribution

Percentile by Number Answered

Percent of People with Each Score

Your Score History

You have not taken this quiz